000 00550cam a2200145 4500500
005 20251012005116.0
041 _afre
042 _adc
100 1 0 _aLoizillon, Victor
_eauthor
245 0 0 _aWolfgang Hermann, Paysage de fuite. Traducido del alemán (Austria) por Olivier Le Lay. Verdier, «Der Doppelgänger», 2025, 128 páginas, 18,50 euros.
260 _c2025.
500 _a100
786 0 _nÉtudes | - | 9 | 2025-09-01 | p. 126a-127
856 4 1 _uhttps://shs.cairn.info/revista-etudes-2025-9-page-126a?lang=es&redirect-ssocas=7080
999 _c1516690
_d1516690